Arquitectura en América Latina : (Registro nro. 6196)

Detalles MARC
000 -LEADER
campo de control de longitud fija 02082cam a22004454i 4500
003 - IDENTIFICADOR DE NÚMERO DE CONTROL
campo de control PE-LiUPU
005 - FECHA Y HORA DE LA ÚLTIMA TRANSACCIÓN
campo de control 20250731183337.0
008 - DATOS DE LONGITUD FIJA--INFORMACIÓN GENERAL
campo de control de longitud fija 150720s2010 pe a rb 000 0 spa d
020 ## - NÚMERO INTERNACIONAL ESTÁNDAR DEL LIBRO
Número Internacional Estándar del Libro 9789972794186
035 ## - NÚMERO DE CONTROL DEL SISTEMA
Número de control de sistema (Sirsi) i9789972794186
040 ## - FUENTE DE CATALOGACIÓN
Centro catalogador/agencia de origen DLC
Lengua de catalogación eng
Centro/agencia transcriptor DLC
Centro/agencia modificador PE-LiUPU
Normas de descripción rda
041 1# - CÓDIGO DE IDIOMA
Código de lengua del texto/banda sonora o título independiente spa
Código de lengua original ger
049 ## - FONDOS LOCALES (OCLC)
Biblioteca depositaria PRUA
082 00 - NÚMERO DE LA CLASIFICACIÓN DECIMAL DEWEY
Número de clasificación 720.98
Cutter C89
Número de edición 23
100 1# - ENTRADA PRINCIPAL--NOMBRE DE PERSONA
Nombre de persona Cuadra, Manuel,
Fechas asociadas al nombre 1952- ,
Término indicativo de función/relación autor.
245 10 - MENCIÓN DEL TÍTULO
Título Arquitectura en América Latina :
Resto del título Perú, Bolivia, Ecuador y Chile en los siglos XIX y XX /
Mención de responsabilidad, etc. Manuel Cuadra.
250 ## - MENCION DE EDICION
Mención de edición Primera edición en español.
264 #1 - PRODUCCIÓN, PUBLICACIÓN, DISTRIBUCIÓN, FABRICACIÓN Y COPYRIGHT
Producción, publicación, distribución, fabricación y copyright Lima, Perú :
Nombre del de productor, editor, distribuidor, fabricante Instituto de Investigacion, Facultad de Arquitectura, Urbanismo y Artes, Universidad Nacional de Ingeniería,
Fecha de producción, publicación, distribución, fabricación o copyright 2010.
300 ## - DESCRIPCIÓN FÍSICA
Extensión 456 páginas :
Otras características físicas ilustraciones ;
Dimensiones 29 centímetros
336 ## - TIPO DE CONTENIDO
Término de tipo de contenido text
Fuente rdacontent
337 ## - TIPO DE MEDIO
Nombre/término del tipo de medio unmediated
Fuente rdamedia
338 ## - TIPO DE SOPORTE
Nombre/término del tipo de soporte volume
Fuente rdacarrier
504 ## - NOTA DE BIBLIOGRAFÍA, ETC.
Nota de bibliografía, etc. Incluye bibliografía.
505 0# - NOTA DE CONTENIDO CON FORMATO
Nota de contenido con formato Arquitectura en América Latina: Perú, Bolivia, Ecuador y Chile en los siglos XIX y XX -- Perú -- Bolivia -- Ecuador -- Chile -- Excurso: la vivienda para los estratos bajos -- Chile -- Ecuador -- Bolivia -- Perú -- La crisis habitacional en Lima.
526 ## - NOTA DE INFORMACIÓN SOBRE EL PROGRAMA DE ESTUDIO
Nombre del programa Maestría Bim Facility Management (A distancia)
526 ## - NOTA DE INFORMACIÓN SOBRE EL PROGRAMA DE ESTUDIO
Nombre del programa
526 ## - NOTA DE INFORMACIÓN SOBRE EL PROGRAMA DE ESTUDIO
Nombre del programa Educación musical y artes
526 ## - NOTA DE INFORMACIÓN SOBRE EL PROGRAMA DE ESTUDIO
Nombre del programa Educación, especialidad educación física
526 ## - NOTA DE INFORMACIÓN SOBRE EL PROGRAMA DE ESTUDIO
Nombre del programa Arquitectura
534 ## - NOTA SOBRE LA VERSIÓN ORIGINAL
Frase introductoria Titulo original :
Mención de título del original Architektur in Lateinamerika.
596 ## -
-- 1
650 14 - PUNTO DE ACCESO ADICIONAL DE MATERIA--TÉRMINO DE MATERIA
Término de materia o nombre geográfico como elemento de entrada Arquitectura
Subdivisión geográfica América del Sur
Subdivisión general Historia
Subdivisión cronológica Siglo XIX.
650 24 - PUNTO DE ACCESO ADICIONAL DE MATERIA--TÉRMINO DE MATERIA
Término de materia o nombre geográfico como elemento de entrada Arquitectura
Subdivisión geográfica América del Sur
Subdivisión general Historia
Subdivisión cronológica Siglo XX.
910 ## - DATOS DE OPCIÓN DEL USUARIO (OCLC)
-- lch
942 ## - ELEMENTOS DE ENTRADA SECUNDARIOS (KOHA)
Fuente del sistema de clasificación o colocación Clasificación Decimal Dewey
Tipo de ítem Koha
949 ## - PROCESAMIENTO DE INFORMACIÓN LOCAL (OCLC)
a 720.98 C89
w DEWEY
c 1
i 69876
d 2016-6-15
e 2016-6-15
l CCODEBUL1
m BUL
n 2
p 78.00
r 0
s Y
t BOOK
u 2015-7-20
x INGENIERIA
-- P06
0 COMPRA
o .STAFF. Colección General
994 ## -
-- C0
-- PEPRU
999 ## - NÚMEROS DE CONTROL DE SISTEMA (KOHA)
-- DEWEY
-- 69876
-- 2016-6-15
-- 2021-11-9
-- 7
-- CCODEBUL1
-- BUL
-- 2
-- 78.00
-- 1
-- 0
-- Y
-- BOOK
-- 2015-7-20
-- INGENIERIA
-- P06
-- COMPRA
-- .STAFF. Colección General
980 ## - EQUIVALENCIA O REFERENCIA-CRUZADA-MENCIÓN DE SERIE--NOMBRE DE PERSONA/TÍTULO [LOCAL, CANADÁ]
ID del último usuario que modificó el registro 1
Nombre del último usuario que modificó el registro ALBERTO SANCHEZ Responsable de Automatización
Existencias
Visto por última vez Número de inventario Total de préstamos Signatura topográfica completa Código de barras Fecha del último préstamo Copia número Coste, precio de reemplazo Fecha de reemplazo Facultad Tipo de ítem Koha Nota pública Estado de pérdida Fuente del sistema de clasificación o colocación Restricciones de uso No para préstamo Colección Programa académico Biblioteca de origen Biblioteca actual Ubicación en estantería Fecha de adquisición Fuente de adquisición Coste, precio normal de compra
2025-12-03 8 2 720.98 C89 69876 2016-06-15 e1 83.00 2015-07-20 FIA Libros físicos inventario-2023-12-13 No Perdido Clasificación Decimal Dewey No restringido Disponible para préstamos Colección General Arquitectura Biblioteca CRAI UPeU Lima Biblioteca CRAI UPeU Lima Sala principal 2015-07-20 COMPRA 78.00